000 00294nam a22001337a 4500
082 _a823
_bJAI/B
100 _aJAIN, KULDEEP
245 _aPUSS IN BOOTS
246 _aPUSS IN BOOTS
_bPUSS IN BOOTS
260 _aNEW DELHI
_bPEGASUS
_c2025
300 _a16
650 _aENGLISH STORY
942 _cBK
999 _c9148
_d9148